Estudios sobre el teatro de Lope de Vega
Kaydedildi:
| Yazar: | |
|---|---|
| Materyal Türü: | Kitap |
| Dil: | İspanyolca |
| Baskı/Yayın Bilgisi: |
Madrid
Santander, Aldus
1969
|
| Seri Bilgileri: | Edición Nacional de las Obras Completas de Menéndez Pelayo, 30, 33
|
| Konular: | |
| Etiketler: |
Etiketle
Etiket eklenmemiş, İlk siz ekleyin!
|
MARC
| LEADER | 00000nam a2200000 a 4500 | ||
|---|---|---|---|
| 001 | UCT8446 | ||
| 003 | CL-VaPUC | ||
| 008 | 970326e19690000SP |||||||||||||||||spa|d | ||
| 082 | 0 | 4 | |a 862.09 |b MEN |2 21 |
| 100 | |a Menéndez y Pelayo, Marcelino |e autor |9 478094 | ||
| 245 | 1 | 0 | |a Estudios sobre el teatro de Lope de Vega |
| 300 | |a v | ||
| 942 | |c BK | ||
| 945 | |d 19970326 00:00:00 |a rleighto | ||
| 260 | |a Madrid |b Santander, Aldus |c 1969 | ||
| 500 | |a v.1: Autos, comedias de la Sagrada Escritura y santos | ||
| 500 | |a v.2: Comedias de vidas de santos, continuación, pastoriles, mitológicas, de historia clásica y de historia extranjera | ||
| 500 | |a v.3: Crónicas y leyendas dramáticas de España | ||
| 500 | |a v.4-5: Crónicas y leyendas dramáticas de España, continuación | ||
| 500 | |a v.6: Crónicas y leyendas dramáticas de España, conclusión, y comedias novelescas | ||
| 600 | 0 | 7 | |a VEGA, LOPE DE |2 CL-VaPUC |9 319628 |
| 650 | 0 | |a Teatro español |9 265077 | |
| 650 | 0 | |a Crítica e interpretación |9 255042 | |
| 583 | |a last modification |c 19970326 00:00:00 |k Rodrigo Vera | ||
| 490 | 0 | |a Edición Nacional de las Obras Completas de Menéndez Pelayo, 30, 33 | |
| 999 | |c 256943 |d 256941 | ||
| 952 | |0 0 |1 0 |4 0 |6 862_090000000000000_MEN_1969 |7 0 |8 A |9 280108 |a BIBEDU |b BIBEDU |d 2019-11-19 |h v.2 |i 3295265 |o 862.09 MEN 1969 |p 3295265 |r 2019-11-19 |w 2019-11-19 |y BK |k LIT | ||
| 952 | |0 0 |1 0 |4 0 |6 862_090000000000000_MEN_1969 |7 0 |8 A |9 280109 |a BIBEDU |b BIBEDU |d 2019-11-19 |h v.5 |i 3295273 |o 862.09 MEN 1969 |p 3295273 |r 2019-11-19 |w 2019-11-19 |y BK |k LIT | ||
| 952 | |0 0 |1 0 |4 0 |6 862_090000000000000_MEN_1969 |7 0 |8 A |9 280110 |a BIBEDU |b BIBEDU |d 2019-11-19 |h v.1 |i 1337750 |o 862.09 MEN 1969 |p 1337750 |r 2019-11-19 |w 2019-11-19 |y BK |k LIT | ||
| 952 | |0 0 |1 0 |4 0 |6 862_090000000000000_MEN_1969 |7 0 |8 A |9 280111 |a BIBEDU |b BIBEDU |d 2019-11-19 |h v.3 |i 1337769 |o 862.09 MEN 1969 |p 1337769 |r 2019-11-19 |w 2019-11-19 |y BK |k LIT | ||
| 952 | |0 0 |1 0 |4 0 |6 862_090000000000000_MEN_1969 |7 0 |8 A |9 280112 |a BIBEDU |b BIBEDU |d 2019-11-19 |h v.4 |i 1337777 |o 862.09 MEN 1969 |p 1337777 |r 2019-11-19 |w 2019-11-19 |y BK |k LIT | ||
| 952 | |0 0 |1 0 |4 0 |6 862_090000000000000_MEN_1969 |7 0 |8 A |9 280113 |a BIBEDU |b BIBEDU |d 2019-11-19 |h v.6 |i 1337785 |o 862.09 MEN 1969 |p 1337785 |r 2019-11-19 |w 2019-11-19 |y BK |k LIT | ||